000
00343 a2200157 4500
001
57356
020
_a
9788508107285
040
_c
Anchieta - Pituba
100
_a
Silveira, Maria José
240
1
0
_a
Cabeça de garota
_l
por
245
1
0
_a
Cabeça de garota
300
_a
160
362
0
_a
2008
650
4
_a
Literatura juvenil
942
_c
BK
999
_c
57356
_d
57356